[Event "K41 Aabent Mesterskab 2010-2011"]
[Site "Valby"]
[Date "2010.11.16"]
[Round "2"]
[White "Sorensen, Dick"]
[Black "Jorgensen, Kasper Moller"]
[Result "0-1"]
[WhiteElo "1917"]
[BlackElo "2049"]
[PlyCount "96"]
[EventDate "2010.??.??"]

1. d4 Nf6 2. Nf3 e6 3. g3 d5 4. Bg2 Be7 5. O-O O-O 6. c4 c6 7. b3 Nbd7 8. Nbd2
b5 9. cxb5 cxb5 10. Bb2 Bb7 11. Ne5 Rc8 12. a3 a5 13. e3 Qb6 14. f4 Nxe5 15.
fxe5 Ne4 16. Nxe4 dxe4 17. Rc1 Bd5 18. Qg4 Qb7 19. h4 Bxb3 20. Bxe4 Bd5 21.
Rxc8 Qxc8 22. Rc1 Qb7 23. Bb1 Bf3 24. Qf4 Bd5 25. e4 Bc4 26. g4 f6 27. exf6
Bxf6 28. Qg3 Qf7 29. a4 Qd7 30. e5 Be7 31. axb5 Qd5 32. Qg2 Bxh4 33. Be4 Qxb5
34. Qh2 g5 35. Qc2 Rf4 36. Qxc4 Qxc4 37. Bxh7+ Kxh7 38. Rxc4 Rxg4+ 39. Kh2 Re4
40. Rc2 Be1 41. Kg2 Kg6 42. Kf3 Kf5 43. Ba1 g4+ 44. Kg2 g3 45. Kf1 Bf2 46. Ra2
Re1+ 47. Kg2 Kg4 48. Bc3 Rg1# 0-1

[Event "K41 Aabent Mesterskab 2010-2011"]
[Site "Valby"]
[Date "2010.11.30"]
[Round "3"]
[White "Abildgaard, Kenneth"]
[Black "Rasmussen, Morten(1956)"]
[Result "0-1"]
[WhiteElo "1939"]
[BlackElo "1707"]
[PlyCount "106"]
[EventDate "2010.??.??"]

1. e4 c5 2. c4 Nc6 3. Nc3 g6 4. b3 Bg7 5. Bd3 e6 6. Nge2 Nge7 7. f4 d6 8. O-O
a6 9. Bb2 O-O 10. Rc1 f5 11. Ba1 Bd7 12. Ng3 Nd4 13. Kh1 Nec6 14. exf5 exf5 15.
Re1 Be6 16. Re3 Bf7 17. Qf1 Qa5 18. Rce1 Rab8 19. Nge2 b5 20. cxb5 axb5 21. Rh3
Rfe8 22. Nxd4 Rxe1 23. Qxe1 cxd4 24. Nxb5 Rxb5 25. Bxb5 Qxb5 26. Bb2 Nb4 27. a3
Nc2 28. a4 Qb8 29. Qb1 Bxb3 30. Ba3 d3 31. Rxd3 Nd4 32. Bxd6 Qxd6 33. Rxd4 Bxd4
34. Qxb3+ Kg7 35. Qf3 Qb4 36. Qd1 Qa3 37. d3 Qc3 38. h3 Qa1 39. Qxa1 Bxa1 40.
Kg1 Bd4+ 41. Kf1 Kf6 42. Ke2 Ke6 43. Kf3 Kd5 44. g4 Kc5 45. gxf5 gxf5 46. Kg3
Bf6 47. Kf3 Kb4 48. Ke3 Kxa4 49. d4 Kb4 50. Kd3 Bg7 51. h4 h5 52. d5 Kc5 53.
Ke3 Kxd5 0-1

[Event "K41 Aabent Mesterskab 2010-2011"]
[Site "Valby"]
[Date "2010.11.30"]
[Round "3"]
[White "Andreassen, Mikkel"]
[Black "Eiholt, Bjarne"]
[Result "1/2-1/2"]
[WhiteElo "1726"]
[BlackElo "1516"]
[PlyCount "93"]
[EventDate "2010.??.??"]

1. d4 d5 2. c4 e6 3. Nf3 Nf6 4. g3 Be7 5. Bg2 O-O 6. O-O Bd7 7. b3 dxc4 8. bxc4
Bc6 9. Nc3 b6 10. Qc2 Bd6 11. Rd1 Qe7 12. e4 e5 13. dxe5 Bxe5 14. Nxe5 Qxe5 15.
Bb2 Qe6 16. Nd5 Na6 17. e5 Nd7 18. Nxc7 Nxc7 19. Rd6 Qe7 20. Bxc6 Nxe5 21. Bxe5
Qxe5 22. Rad1 Rab8 23. Qa4 a5 24. Bg2 g6 25. h4 Na6 26. R6d5 Qe7 27. Qb5 Nc7
28. Rd7 Nxb5 29. Rxe7 Nc3 30. Rdd7 Rbc8 31. Bd5 Nxd5 32. cxd5 Rc5 33. Kg2 b5
34. Kf3 b4 35. Ke4 Rc2 36. Ra7 Rxa2 37. Reb7 Ra3 38. d6 b3 39. Kd3 Rc8 40. Rc7
b2+ 41. Kc2 Rb8 42. Rab7 Rb3 43. Rxb3 Rxb3 44. Kb1 Kg7 45. d7 Rd3 46. Kxb2 Kf6
47. Kc2 1/2-1/2

[Event "K41 Aabent Mesterskab 2010-2011"]
[Site "Valby"]
[Date "2010.11.30"]
[Round "3"]
[White "Brondum, Eric"]
[Black "Ertbjerg, Per"]
[Result "1/2-1/2"]
[WhiteElo "2028"]
[BlackElo "1925"]
[PlyCount "43"]
[EventDate "2010.??.??"]

1. Nf3 Nf6 2. g3 d5 3. Bg2 c6 4. O-O Bf5 5. d3 Nbd7 6. Nbd2 e5 7. Nh4 Bg4 8.
Qe1 Be7 9. h3 Be6 10. e4 O-O 11. Nf5 Bc5 12. g4 g6 13. Ng3 Ne8 14. Nf3 f6 15.
Bh6 Rf7 16. a3 a5 17. c3 Bf8 18. Bxf8 Nxf8 19. Qe3 Nd6 20. Nd2 Qc7 21. Ne2 dxe4
22. Nxe4 1/2-1/2

[Event "K41 Aabent Mesterskab 2010-2011"]
[Site "Valby"]
[Date "2010.11.30"]
[Round "3"]
[White "Christensen, Esben"]
[Black "Nielsen, Michael"]
[Result "1/2-1/2"]
[WhiteElo "2018"]
[BlackElo "2062"]
[PlyCount "27"]
[EventDate "2010.??.??"]

1. e4 e6 2. Nf3 d5 3. Nc3 dxe4 4. Nxe4 Bd7 5. d4 Bc6 6. Bd3 Nf6 7. Qe2 Be7 8.
O-O O-O 9. c4 Bxe4 10. Bxe4 Nxe4 11. Qxe4 c6 12. Bf4 Nd7 13. Rad1 Nf6 14. Qe2
1/2-1/2

[Event "K41 Aabent Mesterskab 2010-2011"]
[Site "Valby"]
[Date "2010.11.30"]
[Round "3"]
[White "Truelsen, Ole Illum"]
[Black "Gjelstrup, Ole"]
[Result "1/2-1/2"]
[WhiteElo "1761"]
[BlackElo "1551"]
[PlyCount "39"]
[EventDate "2010.??.??"]

1. c4 e6 2. Nf3 Nf6 3. Nc3 d5 4. e3 c6 5. Be2 Bd6 6. d4 Nbd7 7. O-O O-O 8. c5
Bc7 9. b4 Re8 10. b5 e5 11. Qa4 exd4 12. exd4 Ne4 13. Nxe4 dxe4 14. Ne1 cxb5
15. Bxb5 Re6 16. g3 Rg6 17. Ng2 Nf6 18. Re1 Nd5 19. Bd2 Bf5 20. Kh1 1/2-1/2

[Event "K41 Aabent Mesterskab 2010-2011"]
[Site "Valby"]
[Date "2010.11.30"]
[Round "3"]
[White "Wadtland, Flemming"]
[Black "Sorensen, Dick"]
[Result "0-1"]
[WhiteElo "1324"]
[BlackElo "1917"]
[PlyCount "60"]
[EventDate "2010.??.??"]

1. c4 e5 2. Nc3 Nc6 3. g3 d6 4. Bg2 g6 5. a3 Bg7 6. e3 f5 7. Nf3 e4 8. Ng1 Ne5
9. d4 Nd3+ 10. Kf1 c6 11. Nh3 Nf6 12. Nf4 Nxf4 13. gxf4 O-O 14. Qb3 b6 15. Bd2
Kh8 16. d5 cxd5 17. cxd5 Ba6+ 18. Ke1 Nd7 19. Bf1 Nc5 20. Qa2 Bxf1 21. Kxf1 Qh4
22. Re1 Nd3 23. Re2 Qh3+ 24. Kg1 Rf6 25. Qb1 Qg4+ 26. Kf1 g5 27. Rg1 Qh3+ 28.
Rg2 gxf4 29. exf4 Rg6 30. f3 exf3 0-1

[Event "K41 Aabent Mesterskab 2010-2011"]
[Site "Valby"]
[Date "2010.12.14"]
[Round "4"]
[White "Eiholt, Bjarne"]
[Black "Morkore, Thomas"]
[Result "0-1"]
[WhiteElo "1516"]
[BlackElo "1897"]
[PlyCount "58"]
[EventDate "2010.??.??"]

1. d4 d5 2. c4 c6 3. Nc3 dxc4 4. Nf3 b5 5. a3 Nf6 6. e3 Bb7 7. Be2 e6 8. O-O
Be7 9. Qc2 Nbd7 10. Rd1 O-O 11. Ne5 Qc7 12. Nxd7 Nxd7 13. e4 a6 14. d5 Bc5 15.
Bg4 Nf6 16. Bf3 Nd7 17. g3 Ne5 18. Bg2 Rad8 19. Bf4 exd5 20. exd5 cxd5 21. Bxe5
Qxe5 22. Bf3 Rd7 23. Be4 f5 24. Bg2 d4 25. Bxb7 Rxb7 26. Re1 Qf6 27. Nd1 d3 28.
Qd2 f4 29. Nc3 fxg3 0-1

[Event "K41 Aabent Mesterskab 2010-2011"]
[Site "Valby"]
[Date "2010.12.14"]
[Round "4"]
[White "Ertbjerg, Per"]
[Black "Kokholm, Daniel"]
[Result "0-1"]
[WhiteElo "1925"]
[BlackElo "1808"]
[PlyCount "94"]
[EventDate "2010.??.??"]

1. d4 Nf6 2. c4 g6 3. Nc3 Bg7 4. e4 d6 5. Bg5 h6 6. Bh4 c5 7. d5 O-O 8. f4 Nbd7
9. Nf3 Qa5 10. Qd2 a6 11. Bd3 b5 12. cxb5 Nb6 13. O-O c4 14. Bc2 axb5 15. e5 b4
16. exf6 bxc3 17. bxc3 exf6 18. f5 g5 19. Bg3 Rd8 20. Be4 Na4 21. Rfc1 Rb8 22.
Nd4 Bd7 23. Bxd6 Rb2 24. Qe3 Re8 25. Qf3 Bf8 26. Bxf8 Kxf8 27. Kh1 Nc5 28. Bc2
Kg8 29. h4 Nd3 30. Bxd3 cxd3 31. Qxd3 Qxd5 32. Qf3 Re4 33. hxg5 Qe5 34. Rc2
Rxc2 35. Nxc2 Rh4+ 36. Kg1 Qh2+ 37. Kf2 Rf4 38. gxh6 Rxf3+ 39. Kxf3 Bc6+ 40.
Ke3 Qg3+ 41. Kd4 Qe5+ 42. Kc4 Qb5+ 43. Kd4 Qb2 44. Kd3 Ba4 45. h7+ Kh8 46. Rh1
Qxc2+ 47. Kd4 Qxa2 0-1

[Event "K41 Aabent Mesterskab 2010-2011"]
[Site "Valby"]
[Date "2010.12.14"]
[Round "4"]
[White "Gjelstrup, Ole"]
[Black "Hansen, Jakob"]
[Result "0-1"]
[WhiteElo "1551"]
[BlackElo "1895"]
[PlyCount "36"]
[EventDate "2010.??.??"]

1. d4 Nf6 2. f3 g6 3. e4 d6 4. c4 Bg7 5. Nc3 O-O 6. Be3 c5 7. d5 e6 8. Bd3 exd5
9. cxd5 a6 10. Qd2 Re8 11. Nge2 b5 12. O-O Nbd7 13. Ng3 Nb6 14. Rae1 Bd7 15.
Qc2 c4 16. Be2 Nfxd5 17. Bxb6 Qxb6+ 18. Kh1 Bxc3 0-1

[Event "K41 Aabent Mesterskab 2010-2011"]
[Site "Valby"]
[Date "2010.12.14"]
[Round "4"]
[White "Hansen, Rasmus Agertoft"]
[Black "Christensen, Esben"]
[Result "1/2-1/2"]
[WhiteElo "1832"]
[BlackElo "2018"]
[PlyCount "95"]
[EventDate "2010.??.??"]

1. d4 Nf6 2. c4 c5 3. d5 b5 4. cxb5 a6 5. f3 axb5 6. e4 d6 7. Bxb5+ Nfd7 8. Bd2
Qb6 9. Na3 Ba6 10. Qb3 Bxb5 11. Qxb5 Na6 12. Ba5 Qa7 13. Rb1 Rb8 14. Qc6 g6 15.
Nb5 Qb7 16. a4 Bg7 17. Qxa6 Qxa6 18. Nc7+ Kf8 19. Nxa6 Ra8 20. Bd2 Rxa6 21. b3
e6 22. Ne2 exd5 23. exd5 Ne5 24. Nf4 Ke7 25. Kd1 Rb8 26. Kc2 c4 27. a5 cxb3+
28. Rxb3 Rc8+ 29. Kd1 Nc4 30. Rb7+ Kf8 31. Bb4 Bh6 32. g3 Nxa5 33. Rd7 Nc4 34.
Ke2 Rb6 35. Rb1 Bxf4 36. gxf4 Rcb8 37. Ra1 Re8+ 38. Kf2 Rxb4 39. Raa7 Rb2+ 40.
Kg3 Ree2 41. Rxf7+ Ke8 42. Rfc7 Nb6 43. h3 h6 44. Rh7 Kd8 45. Rab7 Kc8 46.
Rhc7+ Kd8 47. Rh7 Kc8 48. Rhc7+ 1/2-1/2

[Event "K41 Aabent Mesterskab 2010-2011"]
[Site "Valby"]
[Date "2010.12.14"]
[Round "4"]
[White "Hojland, Ulrik"]
[Black "Jorgensen, Kasper Moller"]
[Result "0-1"]
[WhiteElo "1813"]
[BlackElo "2049"]
[PlyCount "70"]
[EventDate "2010.??.??"]

1. e4 c5 2. Nf3 Nc6 3. d4 cxd4 4. Nxd4 Nf6 5. Nc3 d6 6. Bc4 e6 7. Be3 Be7 8.
O-O O-O 9. f4 d5 10. exd5 exd5 11. Nxc6 bxc6 12. Bb3 Ng4 13. Bd4 c5 14. Nxd5
cxd4 15. Nxe7+ Qxe7 16. Qxd4 Qf6 17. Rad1 Ba6 18. Rfe1 Qxd4+ 19. Rxd4 Rfe8 20.
Rde4 Rxe4 21. Rxe4 Rd8 22. c3 Kf8 23. f5 Nf6 24. Ra4 Rd6 25. Ra5 Ne4 26. Re5
Bb7 27. Ba4 Bc6 28. Bc2 Nf6 29. b4 Rd2 30. Rc5 Rxc2 31. Rxc6 Ne4 32. h3 Rc1+
33. Kh2 Rxc3 34. Ra6 Rc7 35. a4 Ke7 0-1

[Event "K41 Aabent Mesterskab 2010-2011"]
[Site "Valby"]
[Date "2010.12.14"]
[Round "4"]
[White "Ibsen, Johan"]
[Black "Jorgensen, Rasmus"]
[Result "1/2-1/2"]
[WhiteElo "1610"]
[BlackElo "2075"]
[PlyCount "60"]
[EventDate "2010.??.??"]

1. e4 c5 2. Nf3 Nc6 3. c3 g6 4. d4 d5 5. e5 Bg7 6. Be2 cxd4 7. cxd4 Nh6 8. O-O
O-O 9. Nc3 Nf5 10. Bg5 Be6 11. Qd2 f6 12. exf6 exf6 13. Bf4 g5 14. Be3 Re8 15.
Bb5 Rc8 16. Rac1 g4 17. Ne1 Nxe3 18. fxe3 Bh6 19. Nd3 a6 20. Bxc6 Rxc6 21. Nf4
Bf7 22. Qf2 Bg5 23. Rce1 Rd6 24. Qd2 Rd7 25. Qe2 h5 26. Qd3 Rde7 27. Re2 Qd7
28. Rfe1 h4 29. Rf1 g3 30. h3 Qd6 1/2-1/2

[Event "K41 Aabent Mesterskab 2010-2011"]
[Site "Valby"]
[Date "2010.12.14"]
[Round "4"]
[White "Karup, Jesper"]
[Black "Nielsen, John Holm"]
[Result "0-1"]
[WhiteElo "1774"]
[BlackElo "2019"]
[PlyCount "58"]
[EventDate "2010.??.??"]

1. e4 e5 2. Bc4 Nf6 3. Nc3 Nc6 4. a3 Bc5 5. d3 O-O 6. Nf3 h6 7. O-O d6 8. Na4
Bb6 9. Nxb6 axb6 10. h3 Qe7 11. Bd2 Be6 12. Bxe6 Qxe6 13. Nh4 Ne7 14. g4 d5 15.
Qf3 dxe4 16. dxe4 Ra4 17. Bb4 c5 18. b3 Raa8 19. Bc3 Rfd8 20. Nf5 Ng6 21. Rfd1
Kh7 22. Bd2 Qc6 23. Ng3 Rd7 24. Bc3 Rad8 25. Rxd7 Rxd7 26. Qf5 Qd6 27. h4 Kg8
28. h5 Nh4 29. Bxe5 Qxe5 0-1

[Event "K41 Aabent Mesterskab 2010-2011"]
[Site "Valby"]
[Date "2010.12.14"]
[Round "4"]
[White "Krogh, Soren"]
[Black "Truelsen, Ole Illum"]
[Result "0-1"]
[WhiteElo "1274"]
[BlackElo "1761"]
[PlyCount "70"]
[EventDate "2010.??.??"]

1. g3 e5 2. Bg2 d5 3. Nf3 Bd6 4. O-O f5 5. d3 Nf6 6. c4 d4 7. Nbd2 O-O 8. Rb1
c5 9. a3 a5 10. Nb3 Nc6 11. Na1 e4 12. Ne1 h6 13. Nac2 Qe7 14. Bd2 Bd7 15. Qc1
Rae8 16. h3 Nh5 17. e3 Qe5 18. exd4 cxd4 19. Bf4 Nxf4 20. Qxf4 Qf6 21. Qd2 e3
22. fxe3 dxe3 23. Qe2 Bxg3 24. Nf3 f4 25. b4 Qg6 26. Kh1 Qh5 27. Ng1 Qg6 28. d4
axb4 29. axb4 Bf5 30. Rfc1 Bd3 31. Bd5+ Kh8 32. Qg2 e2 33. Rb2 Bxc2 34. Bxc6
bxc6 35. Rbxc2 Qxc2 0-1

[Event "K41 Aabent Mesterskab 2010-2011"]
[Site "Valby"]
[Date "2010.12.14"]
[Round "4"]
[White "Moller, Arne Vagn"]
[Black "Nielsen, Soren Skovso"]
[Result "1-0"]
[WhiteElo "1793"]
[BlackElo "1641"]
[PlyCount "67"]
[EventDate "2010.??.??"]

1. e4 e5 2. Nf3 Nc6 3. Bb5 d6 4. d4 Bd7 5. d5 Nce7 6. Bxd7+ Qxd7 7. c4 Ng6 8.
Nc3 Nf6 9. h3 Be7 10. O-O O-O 11. Be3 a6 12. a3 b5 13. cxb5 axb5 14. Qe2 Rfb8
15. b4 h6 16. Rfc1 Nh5 17. Nxe5 Nxe5 18. Qxh5 Bf6 19. Rc2 Nc4 20. Bc1 Qe8 21.
Qe2 Bd4 22. Raa2 Qe5 23. Nxb5 Rxb5 24. Rxc4 Rb7 25. Rac2 Bb6 26. Qg4 Qf6 27.
Bb2 Qg6 28. Qf3 Rbb8 29. e5 Re8 30. e6 fxe6 31. Rg4 Qxc2 32. Rxg7+ Kh8 33. Rh7+
Kxh7 34. Qf7# 1-0

[Event "K41 Aabent Mesterskab 2010-2011"]
[Site "Valby"]
[Date "2010.12.14"]
[Round "4"]
[White "Porte, Henrik"]
[Black "Nielsen, Michael"]
[Result "0-1"]
[WhiteElo "2105"]
[BlackElo "2062"]
[PlyCount "54"]
[EventDate "2010.??.??"]

1. d4 Nf6 2. c4 c5 3. d5 b5 4. cxb5 a6 5. f3 d6 6. e4 g6 7. Nc3 Bg7 8. Be3 O-O
9. Qd2 Bd7 10. bxa6 Nxa6 11. Bh6 Bxh6 12. Qxh6 Nb4 13. Qd2 e6 14. Bc4 exd5 15.
exd5 Bf5 16. O-O-O Nd7 17. g4 Ne5 18. gxf5 Nxc4 19. Qf4 Nxb2 20. Kxb2 Qf6 21.
Nge2 Rxa2+ 22. Kb3 Rb8 23. Kc4 Rxe2 24. Nxe2 Qb2 25. Qd2 Nc2 26. Rb1 Na3+ 27.
Kd3 c4+ 0-1

[Event "K41 Aabent Mesterskab 2010-2011"]
[Site "Valby"]
[Date "2010.12.14"]
[Round "4"]
[White "Rasmussen, Morten(1956)"]
[Black "Nicolaisen, Jeppe"]
[Result "0-1"]
[WhiteElo "1707"]
[BlackElo "2004"]
[PlyCount "78"]
[EventDate "2010.??.??"]

1. d4 c5 2. Nf3 cxd4 3. Nxd4 d5 4. g3 e5 5. Nb3 Nc6 6. Bg2 Be6 7. c3 f5 8. Be3
Nf6 9. Bc5 Be7 10. N1d2 O-O 11. O-O Rc8 12. Bxe7 Qxe7 13. e3 Kh8 14. Qe2 Rcd8
15. Rfe1 e4 16. Nd4 Bc8 17. N2b3 Ne5 18. Red1 f4 19. exf4 Bg4 20. Qf1 Nc4 21.
Rdb1 Rfe8 22. h3 Bc8 23. Qe2 e3 24. f3 Nh5 25. Kh2 Rd6 26. Qc2 Rg6 27. Ne2 Qf7
28. Nbd4 Rf8 29. Rd1 Nxg3 30. Nxg3 Rxg3 31. Ne2 Rg6 32. b3 Bf5 33. Qc1 Nd2 34.
Qa3 Bxh3 35. Bxh3 Nxf3+ 36. Kh1 Rh6 37. Kg2 Qg6+ 38. Ng3 Rxf4 39. Rxd5 Ne1+ 0-1

[Event "K41 Aabent Mesterskab 2010-2011"]
[Site "Valby"]
[Date "2010.12.14"]
[Round "4"]
[White "Sorensen, Dick"]
[Black "Brondum, Eric"]
[Result "1/2-1/2"]
[WhiteElo "1917"]
[BlackElo "2028"]
[PlyCount "46"]
[EventDate "2010.??.??"]

1. c4 Nf6 2. Nc3 e5 3. g3 d5 4. cxd5 Nxd5 5. Bg2 Nb6 6. Nf3 Nc6 7. O-O Be7 8.
a4 a5 9. d4 exd4 10. Nb5 Bf6 11. e3 dxe3 12. Qxd8+ Bxd8 13. Bxe3 O-O 14. Bc5
Re8 15. Rfe1 Be6 16. Nfd4 Nxd4 17. Bxd4 c6 18. Nd6 Re7 19. f4 Nd5 20. f5 Bc8
21. Bxd5 cxd5 22. Re2 Bxf5 23. Rae1 Be6 1/2-1/2

[Event "K41 Aabent Mesterskab 2010-2011"]
[Site "Valby"]
[Date "2011.01.04"]
[Round "5"]
[White "Abildgaard, Kenneth"]
[Black "Moller, Arne Vagn"]
[Result "1-0"]
[WhiteElo "1939"]
[BlackElo "1793"]
[PlyCount "95"]
[EventDate "2010.??.??"]

1. d4 Nf6 2. Nf3 e6 3. g3 c5 4. Bg2 cxd4 5. O-O Nc6 6. Nxd4 Qb6 7. Nb3 Be7 8.
e4 d6 9. Be3 Qc7 10. f4 O-O 11. Nc3 a6 12. Qe2 Rb8 13. a4 b6 14. Qf3 Bb7 15.
Qf2 Ba8 16. h3 Nd7 17. f5 Nde5 18. Nd4 Nxd4 19. Bxd4 Bf6 20. Ra3 Nc4 21. Rb3
Bxd4 22. Qxd4 Qc5 23. Rd1 exf5 24. Nd5 Bxd5 25. Qxc5 bxc5 26. Rxd5 fxe4 27.
Bxe4 Rbe8 28. Bd3 Na5 29. Rb6 Re5 30. Rbxd6 Rxd5 31. Rxd5 c4 32. Bf1 c3 33. b3
Nc6 34. Rc5 Nd4 35. Rxc3 a5 36. Rc5 g6 37. c3 Nxb3 38. Rb5 Nd2 39. c4 Rc8 40.
c5 Ne4 41. Rxa5 Nxg3 42. Bg2 Kg7 43. Bb7 Rc7 44. c6 Ne2+ 45. Kf2 Nd4 46. Rc5
Nb3 47. Rd5 Kf6 48. a5 1-0

[Event "K41 Aabent Mesterskab 2010-2011"]
[Site "Valby"]
[Date "2011.01.04"]
[Round "5"]
[White "Andreassen, Mikkel"]
[Black "Ibsen, Johan"]
[Result "1-0"]
[WhiteElo "1726"]
[BlackElo "1610"]
[PlyCount "110"]
[EventDate "2010.??.??"]

1. d4 Nf6 2. c4 c5 3. d5 d6 4. Nc3 e6 5. g3 exd5 6. cxd5 g6 7. Bg2 Bg7 8. Nf3
O-O 9. O-O Re8 10. h3 Na6 11. Re1 Nc7 12. a4 Rb8 13. e4 a6 14. a5 Nb5 15. Nd2
Nxc3 16. bxc3 Nd7 17. Qc2 b5 18. axb6 Nxb6 19. Bb2 Qc7 20. Reb1 c4 21. Nf3 Nd7
22. Nd4 Bb7 23. Ba3 Nc5 24. Bxc5 Qxc5 25. Qd2 Qc7 26. Rb4 Bxd4 27. Qxd4 Rec8
28. Raa4 a5 29. Rxc4 Qd8 30. Qa7 Rxc4 31. Rxc4 Rc8 32. Rxc8 Bxc8 33. Qa8 Qc7
34. Qc6 Qd8 35. Bf1 Kg7 36. c4 Kf8 37. c5 dxc5 38. Qxc5+ Kg7 39. Kh2 Bd7 40.
Qd4+ Kg8 41. Bc4 Qc8 42. g4 a4 43. e5 Qb8 44. Kg2 Qb7 45. f3 Qc8 46. Qe4 Kg7
47. Qe2 Kf8 48. Kg3 Qc7 49. f4 Qa7 50. e6 fxe6 51. dxe6 Bc6 52. Qe5 Qg1+ 53.
Kh4 Qf2+ 54. Kg5 h6+ 55. Kf6 Qh4+ 1-0

[Event "K41 Aabent Mesterskab 2010-2011"]
[Site "Valby"]
[Date "2011.01.04"]
[Round "5"]
[White "Christensen, Aage Niels"]
[Black "Krogh, Soren"]
[Result "1-0"]
[WhiteElo "1461"]
[BlackElo "1274"]
[PlyCount "41"]
[EventDate "2010.??.??"]

1. e4 d5 2. exd5 Qxd5 3. Nc3 Qa5 4. d4 Nf6 5. Bd3 c6 6. Qf3 Bg4 7. Qg3 e6 8.
Bd2 Qd8 9. Nf3 Nbd7 10. Be3 Qa5 11. O-O O-O-O 12. a3 h6 13. b4 Qc7 14. Bf4 Nh5
15. Bxc7 Nxg3 16. Bxg3 Bxf3 17. gxf3 g5 18. Ne4 f5 19. Nd6+ Bxd6 20. Bxd6 Rhg8
21. Kh1 1-0

[Event "K41 Aabent Mesterskab 2010-2011"]
[Site "Valby"]
[Date "2011.01.04"]
[Round "5"]
[White "Christensen, Esben"]
[Black "Ertbjerg, Per"]
[Result "1/2-1/2"]
[WhiteElo "2018"]
[BlackElo "1925"]
[PlyCount "85"]
[EventDate "2010.??.??"]

1. e4 c5 2. Nf3 Nc6 3. d4 cxd4 4. Nxd4 Nf6 5. Nc3 d6 6. Be2 e6 7. Be3 Be7 8.
O-O O-O 9. Kh1 a6 10. a4 Bd7 11. f4 Nxd4 12. Bxd4 Bc6 13. Bf3 Qc7 14. a5 Rac8
15. Re1 Rfe8 16. Bb6 Qb8 17. f5 Nd7 18. fxe6 fxe6 19. Bh5 Rf8 20. Qg4 Rf6 21.
Be3 Ne5 22. Qh3 Be8 23. Be2 Qc7 24. g4 Rg6 25. g5 Nf7 26. Bh5 Nxg5 27. Bxg5
Rxg5 28. Qxe6+ Kh8 29. Bg4 Bh5 30. Bxh5 Rxh5 31. Re2 Re5 32. Qg4 Re8 33. Nd5
Qc6 34. Rf1 Qc8 35. Qg3 Qc4 36. Qf3 h6 37. b3 Qc8 38. Qg3 Bg5 39. h4 Rxd5 40.
exd5 Rxe2 41. hxg5 hxg5 42. Qf3 Qe8 43. Qf8+ 1/2-1/2

[Event "K41 Aabent Mesterskab 2010-2011"]
[Site "Valby"]
[Date "2011.01.04"]
[Round "5"]
[White "Eiholt, Bjarne"]
[Black "Stanislaus, Johann"]
[Result "0-1"]
[WhiteElo "1516"]
[BlackElo "1591"]
[PlyCount "90"]
[EventDate "2010.??.??"]

1. d4 d5 2. c4 c6 3. Nc3 e6 4. cxd5 exd5 5. Qc2 f5 6. Nf3 Bd6 7. Bg5 Qc7 8. Rc1
Be6 9. e3 h6 10. Bh4 Nd7 11. Bd3 g6 12. O-O Ngf6 13. Nb5 Qb8 14. Nxd6+ Qxd6 15.
Bg3 Qe7 16. Ne5 Nxe5 17. Bxe5 O-O 18. Rce1 Ne4 19. f3 Ng5 20. Bf4 Rac8 21. Qf2
Nf7 22. e4 Qd7 23. Qg3 Kh7 24. Qf2 Rce8 25. Qd2 g5 26. Be3 dxe4 27. fxe4 f4 28.
Bf2 a6 29. Qc2 Nd6 30. d5 cxd5 31. exd5+ Bf5 32. Bc5 Rc8 33. Bxf5+ Nxf5 34. Qf2
Rfe8 35. Rxe8 Rxe8 36. Qc2 Qxd5 37. Rd1 Qe6 38. Bb4 Rc8 39. Qd3 Kg8 40. Re1
Qb6+ 41. Kh1 Qxb4 42. Qd5+ Kh8 43. Qe5+ Ng7 44. Rd1 Re8 45. Rd8 Rxd8 0-1

[Event "K41 Aabent Mesterskab 2010-2011"]
[Site "Valby"]
[Date "2011.01.08"]
[Round "5"]
[White "Hansen, Jakob"]
[Black "Sorensen, Dick"]
[Result "0-1"]
[WhiteElo "1895"]
[BlackElo "1917"]
[PlyCount "102"]
[EventDate "2010.??.??"]

1. e4 c5 2. Nf3 e6 3. d4 cxd4 4. Nxd4 a6 5. Be3 Qc7 6. Bd3 Nf6 7. Nc3 Nc6 8.
O-O b5 9. Nxc6 dxc6 10. f4 c5 11. e5 Nd5 12. Nxd5 exd5 13. c3 c4 14. Bc2 Bc5
15. Bd4 O-O 16. Qh5 g6 17. Qe2 Bxd4+ 18. cxd4 Qe7 19. Rae1 Qb4 20. Bb1 c3 21.
bxc3 Qxc3 22. Qf2 Ra7 23. Rc1 Qb4 24. Rc5 Rd8 25. Qe3 Bf5 26. Bxf5 gxf5 27. g4
Kh8 28. e6 f6 29. a3 Qb2 30. Rfc1 b4 31. axb4 Rg7 32. g5 fxg5 33. fxg5 h6 34.
h4 hxg5 35. hxg5 Rdg8 36. Qe5 Qd2 37. R1c2 Qxg5+ 38. Kf1 Qg1+ 39. Ke2 Kh7 40.
Qxf5+ Kh8 41. Qh5+ Rh7 42. Qe5+ Rhg7 43. Kd3 Qf1+ 44. Kc3 Rf8 45. Rxd5 Qa1+ 46.
Kb3 Qb1+ 47. Kc3 Rf3+ 48. Kd2 Rf2+ 49. Ke3 Qe1+ 50. Kd3 Qd1+ 51. Ke3 Qf3# 0-1

[Event "K41 Aabent Mesterskab 2010-2011"]
[Site "Valby"]
[Date "2011.02.01"]
[Round "5"]
[White "Jorgensen, Rasmus"]
[Black "Rasmussen, Morten(1956)"]
[Result "1-0"]
[WhiteElo "2075"]
[BlackElo "1707"]
[PlyCount "79"]
[EventDate "2010.??.??"]

1. e4 c5 2. Nf3 e6 3. d4 cxd4 4. Nxd4 Nc6 5. Nc3 Qc7 6. Be3 a6 7. Qd2 Nf6 8.
O-O-O Bb4 9. f3 Ne5 10. Nde2 Nc4 11. Qd4 Nxe3 12. Qxe3 d6 13. f4 b5 14. g4 Bb7
15. g5 Nd7 16. h4 O-O-O 17. Rh3 Nb6 18. Qd4 Bc5 19. Qd3 b4 20. Nb1 e5 21. Nd2
d5 22. exd5 Bxd5 23. Qxa6+ Bb7 24. Qb5 exf4 25. Nxf4 Rd4 26. Nd3 Bd6 27. Re1
Bc6 28. Qf5+ Kb8 29. Qf2 Rd5 30. Bg2 Ra5 31. Bxc6 Qxc6 32. Qxf7 Rc8 33. Qb3
Rxa2 34. Re6 Ra1+ 35. Nb1 Nd5 36. Ne5 Qb5 37. Qd3 Qxd3 38. Rxd3 Bxe5 39. Rxe5
Nc7 40. b3 1-0

[Event "K41 Aabent Mesterskab 2010-2011"]
[Site "Valby"]
[Date "2011.01.04"]
[Round "5"]
[White "Kokholm, Daniel"]
[Black "Porte, Henrik"]
[Result "0-1"]
[WhiteElo "1808"]
[BlackElo "2105"]
[PlyCount "84"]
[EventDate "2010.??.??"]

1. d4 d5 2. e4 dxe4 3. Nc3 Nf6 4. f3 Bf5 5. g4 Bg6 6. g5 Nd5 7. Nxe4 e6 8. c4
Nb6 9. Be3 Be7 10. h4 h6 11. Nh3 Nc6 12. a3 a5 13. b3 Bf5 14. Qd2 a4 15. b4
Bxh3 16. Rxh3 hxg5 17. h5 f5 18. Nc5 Bf6 19. O-O-O Qe7 20. Nxb7 Nd7 21. c5 Rb8
22. b5 Na7 23. Na5 Kf7 24. Bc4 Nxb5 25. Qd3 Na7 26. Qxf5 Nf8 27. Bxg5 c6 28.
Re1 Re8 29. Bf4 Qd8 30. Nxc6 Nxc6 31. Bd6 Nxd4 32. Qe4 Nb3+ 33. Kc2 Qa5 34. Qd3
Nd4+ 35. Kd1 Rh6 36. Be5 Nb3 37. Bxf6 Rxf6 38. h6 Rd8 39. Bd5 Rxd5 40. Qxd5
exd5 41. h7 Nxh7 42. Rxh7 Qd2# 0-1

[Event "K41 Aabent Mesterskab 2010-2011"]
[Site "Valby"]
[Date "2011.01.18"]
[Round "5"]
[White "Morkore, Thomas"]
[Black "Gjelstrup, Ole"]
[Result "1-0"]
[WhiteElo "1897"]
[BlackElo "1551"]
[PlyCount "63"]
[EventDate "2010.??.??"]

1. e4 c5 2. Nf3 Nc6 3. d4 cxd4 4. Nxd4 Nf6 5. Nc3 e5 6. Ndb5 d6 7. Bg5 a6 8.
Bxf6 gxf6 9. Na3 b5 10. Nd5 Bg7 11. Bd3 Ne7 12. Nxe7 Qxe7 13. c3 Be6 14. Nc2
O-O 15. Qh5 Kh8 16. O-O Rg8 17. a4 Bf8 18. Ne3 Rg5 19. Qh4 Rb8 20. axb5 axb5
21. f4 Rg7 22. f5 Bd7 23. Nd5 Qd8 24. Qxf6 Qxf6 25. Nxf6 Bc6 26. Ra7 d5 27. Rc7
dxe4 28. Bxe4 Bc5+ 29. Kh1 Bxe4 30. Nxe4 Be3 31. f6 Rg4 32. Nd6 1-0

[Event "K41 Aabent Mesterskab 2010-2011"]
[Site "Valby"]
[Date "2011.01.04"]
[Round "5"]
[White "Nielsen, John Holm"]
[Black "Brondum, Eric"]
[Result "1/2-1/2"]
[WhiteElo "2019"]
[BlackElo "2028"]
[PlyCount "38"]
[EventDate "2010.??.??"]

1. Nc3 c5 2. Nf3 d6 3. d4 cxd4 4. Nxd4 Nf6 5. e4 g6 6. Be2 Bg7 7. Be3 O-O 8.
O-O Nc6 9. h3 Bd7 10. Qd2 Rc8 11. Rac1 a6 12. a4 Nxd4 13. Bxd4 Bc6 14. Bf3 Qc7
15. Qe3 Nd7 16. Bxg7 Kxg7 17. Nd5 Bxd5 18. exd5 Nf6 19. Rfd1 Rfe8 1/2-1/2